000 00379nam a2200145Ia 4500
008 230917s9999||||xx |||||||||||||| ||und||
040 _e270
_aMAIN
041 _aEnglish
082 _a660.297 B631E
100 _aBockris, John O'M, ed.
245 0 _aElectrochemistry of cleaner environments
260 _aNew York
_bPlenum Press
_c1975
300 _axiii, 296 p.
942 _cBK
999 _c196751
_d196751